Tretina ľudí nakupuje podľa letákov

Služby pre obchod. Štatistika využívania letákov spotrebiteľmi. Najdôležitejšou úlohou letáku je zaujať. Kvalita letákov v závislosti od cieľovej skupiny, ale aj účelu letákovej kampane. Mladí podnikatelia a letáky.

Salvato in:
Dettagli Bibliografici
Autore principale: Raševová, Kristína
Natura: Capitolo di libro
Lingua:slovacco
Soggetti:
Tags: Aggiungi Tag
Nessun Tag, puoi essere il primo ad aggiungerne!!

MARC

LEADER 00000naa a2200000 4500
001 0229465
005 20200305103541.0
041 0 |a slo 
044 |a CZ 
245 1 0 |a Tretina ľudí nakupuje podľa letákov  |c Kristína Raševová 
520 |a Služby pre obchod. Štatistika využívania letákov spotrebiteľmi. Najdôležitejšou úlohou letáku je zaujať. Kvalita letákov v závislosti od cieľovej skupiny, ale aj účelu letákovej kampane. Mladí podnikatelia a letáky. 
610 2 0 |a obchod 
610 2 0 |a služby 
610 2 0 |a propagácia 
610 2 0 |a reklama 
100 1 |a Raševová, Kristína